000 00862 a2200169 4500
003 Nust
005 20170207154013.0
040 _cNust
082 _a005.133
100 _aLorentz, Diana
245 _aSQL Reference, Release 3 (8.1.7) - (E-BOOK)
_cDiana Lorentz
260 _aNew York
_bOracle Co.
_c1999
300 _a1172 p.
505 _aIntroduction (Page-27) Basic Elements of Oracle SQL (Page-33) Operators (Page-127) Functions (Page-143) Expressions, Conditions, and Queries (Page-273) About SQL Statements (Page-303) SQL Statements: ALTER CLUSTER to ALTER SYSTEM (Page-325) SQL Statements: ALTER TABLE to constraint_clause (Page-479) SQL Statements: CREATE CLUSTER to CREATE SEQUENCE (Page-639) SQL Statements: CREATE SYNONYM to DROP ROLLBACK SEGMENT (Page-799) SQL Statements: DROP SEQUENCE to UPDATE (Page-957)
650 _aSQL
651 _aE-BOOK
942 _2ddc
_cBK
999 _c191306
_d191306